00979 a2200157 4500003000500000005001700005020001500022040000900037082001200046100001500058245013400073260004000207300001600247505052000263650003800783Nust20221107123828.0 a8129703890 cNust a510,SHA aSharma,J.K aThe Pearson Guide to Objective Mathematics bFor Engineering Entrance Examination / cJ.K.Sharma, Dinesh Khattar & Anita Khattar  aPearson EducationbNew Delhi c2004 aix, 1252 p  aFunctions (Page-1), Limits (Page-45), Continuity and diffferentiability (Page-79), Differentiation (Page-112), Differential equations (Page-322), Cirvles (Page-406), Permutations and Combinations (Page-680), Matrices (Page-755), Determinants (Page-779), Trigonometric rations and identities (Page-811), Trigonometric Euations (Page-847), Probability (Page-919), Statistics (Page-963), Vectors (Page-982), Dynamics (Page-1091), Set theory (Page-1118), Numerical Methods (Page-1133), Hypernolic Functions (Page-1151). aEngineering Entrance Examination